Friedrich Gundolf (1880-1931)
Elmentve itt :
| Szerző: | |
|---|---|
| Adatforrás: | Philobibl |
| Forrásdokumentuma: | Athenaeum 1931/4-6 215. p. |
| Dokumentumtípus: | Cikk |
| Nyelv: | magyar |
| LEADER | 00268nab a2200097 c 4500 | ||
|---|---|---|---|
| 001 | bibDOK00012190 | ||
| 005 | 20200924120740.3 | ||
| 008 | 060518s1931 xx hun | ||
| 100 | 1 | |a Barta János | |
| 245 | 1 | 0 | |a Friedrich Gundolf (1880-1931) |c Barta János |
| 773 | 0 | |t Athenaeum 1931/4-6 |g 215. p. | |